000 00798nam a2200229Ii 4500
003 JO-AjNU
008 230605s9999||||xx |||||||||||||| ||und||
017 _a2006/3/617
040 _aJO-AjNU
_bara
_erda
_cJO-AjNU
041 _aara
050 1 4 _aPJ7860.A99.Z7 2005
100 3 _aإعداد رابطة الكتاب الأردنيين,
_eauthor
_948922
245 0 0 _aمؤنس الرزاز(1)؛عبد الرحمن منيف(2)
250 _aط1
264 3 1 _aعمان:وزارة الثقافة،2006
300 _a123ص
336 _atext
_btxt
_2rdacontent
337 _aunmediated
_bn
_2rdamedia
338 _avolume
_bnc
_2rdacarrier
490 0 _aسلسلة كتاب الشهر رقم 108
650 4 _aالأدب العربي - الأدباء العرب - تراجم - الأردن
_948923
999 _aA21456
_c25024
_d25024